| 000 | 01182cam a22003013a 4500 | ||
|---|---|---|---|
| 001 | 3559 | ||
| 003 | PGUSA | ||
| 005 | 20140828083034.0 | ||
| 008 | 021201s2002||||xxu|||||s|||||000 | eng d | ||
| 040 |
_aPGUSA _beng |
||
| 042 | _adc | ||
| 050 | 4 | _aDC | |
| 100 | 1 |
_aBourrienne, Louis Antoine Fauvelet de, _d1769-1834 |
|
| 245 | 1 | 0 |
_aMemoirs of Napoleon Bonaparte — Volume 09 _h[electronic resource] / _cLouis Antoine Fauvelet de Bourrienne |
| 260 |
_bProject Gutenberg, _c2002 |
||
| 500 | _aTranslated from: Mémoires sur Napoléon, le Directoire le Consulat, l'Empire et la Restauration. | ||
| 506 | _aPublic domain in the USA. | ||
| 516 | _aElectronic text | ||
| 653 | _aNapoleon I, Emperor of the French, 1769-1821 -- Relations with private secretaries | ||
| 653 | _aBourrienne, Louis Antoine Fauvelet de, 1769-1834 | ||
| 653 | _aNapoleon I, Emperor of the French, 1769-1821 | ||
| 653 | _aPrivate secretaries -- France -- Biography | ||
| 653 | _aNapoleon I, Emperor of the French, 1769-1821 -- Contemporaries | ||
| 700 | 1 |
_aPhipps, Ramsay Weston, _d1838-1923 |
|
| 830 | 0 |
_aProject Gutenberg _v3559 |
|
| 856 | 4 | 0 | _uhttp://www.gutenberg.org/ebooks/3559 |
| 942 | _cEB | ||
| 999 |
_c232888 _d232888 |
||